Language Quiz

Random Language or NFL Quiz
Score 0/18 Timer 05:00
0 Plays Today
Clue Answer % Correct
Blow up, as a ballooninflate
97.8%
Maize-derived breakfast cerealcorn flakes
91.1%
Where deep-sea creatures scuttleocean floor
68.2%
Tall blossom, emblematic of Kansassunflower
66.9%
Media-hyped bird-borne ailmentavian flu
64.8%
Smaug-like insect?dragonfly
64.3%
The Concorde's was on March 2, 1969maiden flight
53%
Author whose Jamaica estate was called GoldeneyeIan Fleming
52.8%
Satyr's instrumentpan flute
51.3%
Clue Answer % Correct
Non-sycophantic, like ugly clothes?unflattering
47.9%
Large destructive fireconflagration
36.5%
Sloppy typist's needcorrection fluid
36.1%
2005 Charlize Theron sci-fi filmAeon Flux
34.7%
World War I poem featuring poppiesIn Flanders Fields
34.6%
Miserskinflint
31.6%
50/50 proposition, numismatically speakingcoin flip
28.8%
1889 disaster that killed 2,209 PennsylvaniansJohnstown Flood
21.9%
'Don't Tread on Me' bannerGadsden flag
6.9%
Remove Ads.
Support Sporcle.
Get the best of Sporcle when you Go Orange. This ad-free experience offers more features, more stats, and more fun while also helping to support Sporcle. Thank you for becoming a member.

You're not logged in!

Compare scores with friends on all Sporcle quizzes.
OR
Log In

Show Comments

Extras

Top Quizzes Today


Score Distribution

Your Account Isn't Verified!

In order to create a playlist on Sporcle, you need to verify the email address you used during registration. Go to your Sporcle Settings to finish the process.

Report this User

Report this user for behavior that violates our Community Guidelines.

Details: